000 00665nam a2200205Ia 4500
999 _c54530
_d54530
003 GCL
005 20240530105256.0
008 140319s9999 xx 000 0 ara d
040 _aGCL /
_cGCL
082 0 4 _a212.2
_bم ك
100 1 _aمحمد صباح (تحقيق)
245 1 0 _aكتاب ادب الدنيا والدين /
_cمحمد صباح (تحقيق)
260 _a[S.N] :
_bدار مكتبة الحياة ،
_c1986
300 _a377 ص
650 0 4 _aالاسلام
650 0 4 _aالاخلاق الاسلامية
650 0 4 _aالاداب الاسلامية
700 1 _aالمارودى, ابو الحسن على البصرى
942 _2ddc
_cBK